Anglicko-slovenský slovník výpočtovej techniky

Saved in:
Bibliographic Details
Main Author: Ragan, Ján
Format: Book
Language:English
Slovak
Published: Bratislava Slovenské pedagogické nakladateľstvo 1998
Subjects:
Tags: Add Tag
No Tags, Be the first to tag this record!

MARC

LEADER 00000nam a2200000 4500
001 c123831
005 20221109093136.7
020 |a 80-08-01117-3 
041 0 |a eng 
041 0 |a slo 
044 |a SK 
245 1 0 |a Anglicko-slovenský slovník výpočtovej techniky  |c Ján Ragan 
264 1 |a Bratislava  |b Slovenské pedagogické nakladateľstvo  |c 1998 
300 |a 485 s. 
610 2 0 |a jazykoveda 
610 2 0 |a terminológia 
610 2 0 |a jazyky cudzie 
610 2 0 |a technika výpočtová 
610 2 0 |a angličtina 
610 2 0 |a slovenčina 
100 1 |a Ragan, Ján